banner-ar

فوتوشوب الاصدار العاشر = (Record no. 60382)

MARC details
000 -الفاتح
حقل البيانات ثابتة الطول 00794nam a22002297a 4500
005 - وقت وتاريخ اخر تعامل مع التسجيلة
رقم الضبط 20240530110407.0
008 - عناصر البيانات ثابتة الطول - معلومات عامة
حقل البيانات ثابتة الطول 150204s2011 ua od g 000 0 ara d
017 ## - رقم الايداع القانونى
رقم الايداع القانونى 2009/10964
المصدر ( الهيئة المختصة) مصر . دار الكتب المصرية
020 ## - الرقم الدولى المعيارى للكتب
الرقم الدولى المعيارى للكتاب 9773682811
040 ## - مصدر الفهرسة
وكالة الفهرسة الأصلية EG-CaGPL
041 0# - رمز اللغة
رمز لغة النص/ المسارات الصوتية أو العنوان الانفرادي ara
082 04 - رقم تصنيف ديوى العشرى
رقم الطبعة 21
رقم التصنيف 005.3\
رقم المادة م ف
100 0# - المدخل الرئيسى - إسم شخصى
الإسم الشخصى مريم مختار
245 10 - بيان العنوان
العنوان فوتوشوب الاصدار العاشر =
بقية العنوان adobe photoshop CS 3/
بيان المسئوليه,etc مريم مختار
250 ## - بيان الطبعة
بيان الطبعة ط 1
260 ## - PUBLICATION, DISTRIBUTION, ETC. (IMPRINT)
تاريخ النشر أو التوزيع 2011
300 ## - الوصف المادى
التعداد 2 ج :
تفاصيل ماديه اخرى للوعاء ايض ؛
أبعاد الوعاء 24 سم
650 04 - المدخل الاضافى بالموضوع-مصطلح موضوعى
مصطلح موضوعي ادوبى فوتوشوب
650 04 - المدخل الاضافى بالموضوع-مصطلح موضوعى
مصطلح موضوعي الحاسبات الالكترونية
التقسيم الفرعي العام برامج
942 ## - عناصر المدخل الإضافي( كوها)
مصدر التصنيف او مخطط الترفيف Dewey Decimal Classification
Koha [default] item type كتاب
260 ## - PUBLICATION, DISTRIBUTION, ETC. (IMPRINT)
-- الاسكندرية :
-- مؤسسة حورس الدولية ؛
Holdings
حالة التراجع حالة الفقد حالة تلف ليس للاعارة المكان المؤقت الموقع الحالى تاريخ الاكتساب اجمالي اﻻعارات رقم الطلب الباركود تاريخ اخر مشاهدة تاريخ تفعيل السعر نوع وعاء كوها
        مكتبة القاهرة الكبرى مكتبة القاهرة الكبرى 02/04/2015   005.3\ م ف 159410 02/04/2015 02/04/2015 كتاب
        مكتبة القاهرة الكبرى مكتبة القاهرة الكبرى 02/04/2015   005.3\ م ف 159411 02/04/2015 02/04/2015 كتاب

Powered By

EGPV